Statistics for Countries Once a Part of Poland

Click here to take the quiz!

General Stats

  • This quiz has been taken 238 times
    (235 since last reset)
  • The average score is 11 of 12

Answer Stats

Country% Correct
Lithuania
99%
Russia
99%
Germany
98%
Ukraine
97%
Czech republic
96%
Latvia
96%
Slovakia
96%
Estonia
95%
Belarus
94%
Romania
88%
Moldova
82%
Poland
64%

Score Distribution

Percentile by Number Answered

Percent of People with Each Score

Your Score History

You have not taken this quiz since the last reset